Usus al-tarbiyah wa-ṭuruq al-tadrīs , (Record no. 47456)

MARC details
000 -LEADER
fixed length control field 00735cam a22002411 4500
001 - CONTROL NUMBER
control field ne 64002506
003 - CONTROL NUMBER IDENTIFIER
control field DLC
005 - DATE AND TIME OF LATEST TRANSACTION
control field 20260227111805.0
008 - FIXED-LENGTH DATA ELEMENTS--GENERAL INFORMATION
fixed length control field 840118s1964 ua 000 0 arar
010 ## - LIBRARY OF CONGRESS CONTROL NUMBER
LC control number ne 64002506
035 ## - SYSTEM CONTROL NUMBER
System control number (OCoLC)10310634
040 ## - CATALOGING SOURCE
Original cataloging agency DLC
Transcribing agency TxU
Modifying agency TxU
-- DLC
042 ## - AUTHENTICATION CODE
Authentication code premarc
050 00 - LIBRARY OF CONGRESS CALL NUMBER
Classification number LB880
Item number .A46
100 1# - MAIN ENTRY--PERSONAL NAME
Personal name ʻAlī, Fikrī Ḥasan.
245 10 - TITLE STATEMENT
Title Usus al-tarbiyah wa-ṭuruq al-tadrīs ,
Statement of responsibility, etc. taʼlīf Fikrī Ḥasan ʻAlī [wa] Ḥasan al-Ḥarīrī.
250 ## - EDITION STATEMENT
Edition statement al-Ṭabʻah al-ʼūlá.
260 ## - PUBLICATION, DISTRIBUTION, ETC.
Place of publication, distribution, etc. [al-Qāhirah ,
Name of publisher, distributor, etc. al-Maktab al-Thaqāfī al-ʻArabī]
Date of publication, distribution, etc. 1964.
300 ## - PHYSICAL DESCRIPTION
Extent 296 p.
Dimensions 19 cm.
650 #0 - SUBJECT ADDED ENTRY--TOPICAL TERM
Topical term or geographic name entry element Education.
650 #0 - SUBJECT ADDED ENTRY--TOPICAL TERM
Topical term or geographic name entry element Teaching.
700 1# - ADDED ENTRY--PERSONAL NAME
Personal name Ḥarīrī, Ḥasan,
Relator term joint author.

No items available.

Powered by Koha